00481 2200193 4500001002100000005001500021035002000036245003300056100001500089300002600104260003600130082001100166084001700177020002200194600002000216990001700236990001700253990001700270INLIS00000000000106620250722081426 a0010-07250000481 aSecerdas Aisyah /cUmi Dilla0 aDilla, Umi a206 hlm ;c13 X 19 cm aYogyakarta :bYash Media,c2024 a297.64 a297.64 DIL s a978-623-00-0792-6 4aSecerdas Aisyah a3588/PP/2025 a3589/PP/2025 a3590/PP/2025